|
|
|
|
| LEADER |
01399cam a2200277 i 4500 |
| 003 |
GR-PaULI |
| 005 |
20210117210509.0 |
| 008 |
880314s1989 nyu f 010 0 eng d |
| 020 |
|
|
|a 019505217X (alk. paper)
|
| 040 |
|
|
|a DLC
|c DLC
|d DLC
|d GR-PaULI
|b gre
|e AACR2
|
| 082 |
0 |
0 |
|a 191
|2 23
|
| 245 |
0 |
0 |
|a Themes from Kaplan /
|c edited by Joseph Almog, John Perry, Howard Wettstein ; with the assistance of Ingrid Deiwiks and Edward N. Zalta.
|
| 260 |
|
|
|a New York :
|b Oxford University Press,
|c 1989.
|
| 300 |
|
|
|a x, 614 σ. ;
|c 22 εκ.
|
| 504 |
|
|
|a Περιλαμβάνει βιβλιογραφικές παραπομπές.
|
| 600 |
|
0 |
|a Kaplan, David,
|d 1929-
|9 165323
|
| 650 |
|
4 |
|a Φιλόσοφοι
|9 8506
|z Ηνωμένες Πολιτείες Αμερικής
|y 20ός αιώνας
|
| 650 |
|
4 |
|a Γλώσσα και γλώσσες
|x Φιλοσοφία
|9 518
|
| 700 |
1 |
|
|a Almog, Joseph.
|9 165324
|e επιμελητής
|
| 700 |
1 |
|
|a Perry, John
|d 1943-
|9 86921
|e επιμελητής
|
| 700 |
1 |
|
|a Wettstein, Howard K.
|9 38502
|e επιμελητής
|
| 856 |
4 |
2 |
|3 Publisher description
|u http://www.loc.gov/catdir/enhancements/fy0603/88010027-d.html
|
| 942 |
|
|
|2 ddc
|c BK15
|
| 952 |
|
|
|0 0
|1 0
|2 ddc
|4 0
|6 191_000000000000000_THE
|7 0
|9 216916
|a PHIL
|b PHIL
|d 2017-11-01
|i 2161
|l 0
|o 191 THE
|p 025000188806
|r 2017-11-01 00:00:00
|t 1
|v 2017.00
|w 2017-11-01
|y BK15
|
| 998 |
|
|
|c ΚΑΝΕΛΛΟΠΟΥΛΟΥ
|d 2017-10
|
| 999 |
|
|
|c 131512
|d 131512
|